| 000 | 01518nam a2200409 a 4500 | ||
|---|---|---|---|
| 008 | 111130s2001 sp ||||f |||| 001 0 spa d | ||
| 041 | _aspa | ||
| 092 |
_c616.132 _l3 _sARA |
||
| 100 | 1 |
_aAranda Lara, Pedro _eCoord. _91638 |
|
| 245 |
_aHipertensiones secundarias en poblaciones especiales (menopausia, embarazo, obesidad y diabetes) / _cPedro Aranda Lara |
||
| 250 | _a1a ed. | ||
| 260 |
_aMadrid: _bDoyma ; GlaxoSmithKline; _c2001. |
||
| 300 | _a125 p. | ||
| 500 | _aAranda Lara, P. (Coord.) et al. (2001). Hipertensiones secundarias en poblaciones especiales (menopausia, embarazo, obesidad, diabetes). (1a ed.). Madrid : Doyma ; GlaxoSmithKline. | ||
| 590 | _aDonación Dra. Natalia Fernández Noviembre 2011 | ||
| 653 | _aHipertensión | ||
| 653 | _aPoblaciones especiales | ||
| 653 | _aMenopausia | ||
| 653 | _aEmbarazo | ||
| 653 | _aObesidad | ||
| 653 | _aDiabetes | ||
| 700 | 1 |
_aAranda Lara, Francisco Javier _91639 |
|
| 700 | 1 |
_aAranda Granados, Pedro Javier _91640 |
|
| 700 | 1 |
_aMarín Iranzo, Rafael _9793 |
|
| 700 | 1 |
_aGorostidi Pérez, Manuel _91641 |
|
| 700 | 1 |
_aRodilla Sala, Enrique _91642 |
|
| 700 | 1 |
_aGarcía Ferrer, Luis _91643 |
|
| 700 | 1 |
_aContell, Amparo Albert _91644 |
|
| 700 | 1 |
_aGómez Belda, Ana _91645 |
|
| 700 | 1 |
_aJulve Pardo, Raúl _91646 |
|
| 700 | 1 |
_aPascual Izuel, José María _91647 |
|
| 700 | 1 |
_aLurbe, Empar _91648 |
|
| 700 | 1 |
_aCia Gómez, Pedro _91649 |
|
| 700 | 1 |
_aCia Blasco, Pedro _91650 |
|
| 700 | 1 |
_aMartínez Berganza, A. _91651 |
|
| 942 |
_2ddc _cBK |
||
| 999 |
_c1018 _d1018 |
||